000
00246nam a2200097Ia 4500
008
220204s9999 xx 000 0 und d
082
_a
5(031)
_b
ENC
245
0
_a
Encyclopedia of nature and science. 20 V
260
_a
Sydney
_b
Bay
_c
1974
942
_c
BK
999
_c
31455
_d
31455